000 00457pab a2200169 454500
008 180718b2004 xxu||||| |||| 00| 0 eng d
100 _aWettering, Dennis
245 _aRailway porters of Mumbai: social capital in practice
260 _c2004
300 _ap.2243-261.
362 _a29 May
650 _aRailways - India - Maharashtra
650 _aRailways
700 _aNooteboom, Gerben
773 _aEconomic and Political Weekly
909 _a60937
999 _c60937
_d60937